Developmental psychopathology

Αποθηκεύτηκε σε:
Λεπτομέρειες βιβλιογραφικής εγγραφής
Άλλοι συγγραφείς: Cicchetti, Dante (Επιμελητής έκδοσης), Cohen, Donald J. (Επιμελητής έκδοσης)
Μορφή: Βιβλίο
Γλώσσα:English
Δημοσίευση: New York : Wiley, 1995
Σειρά:Wiley series on personality processes
Θέματα:
Ετικέτες: Προσθήκη ετικέτας
Δεν υπάρχουν, Καταχωρήστε ετικέτα πρώτοι!

MARC

LEADER 00000nam a2200000 i 4500
001 1/89096
008 970606s1995 eng d
020 |a 0-471-53243-6 (v.1) 
020 |a 0-471-53244-4 (v.2) 
035 |a 1995  |b 3  |c Πολεμικός  |l 10035663 
035 |a 1997  |b 3  |c Αγορά/Παπούδη 
040 |a GR-MY-UA  |b gre  |e aacr 
041 0 |a eng 
082 0 |a 616.89071 
245 1 0 |a Developmental psychopathology /  |c editors Dante Cicchetti and Donald J. Cohen 
260 |a New York :   |b Wiley,   |c 1995 
300 |a 2 vol. 
490 1 |a Wiley series on personality processes 
505 0 |a v.1: Theory and methods. - v.2: Risk, disorder, and adaptation. 
650 0 0 |a Mental illness  |x Etiology. 
650 0 0 |a Developmental psychology. 
650 0 0 |a Mental illness  |x Risk factors. 
650 0 0 |a Adjustment (Psychology) 
700 1 |a Cicchetti, Dante.  |4 edt 
700 1 |a Cohen, Donald J.  |4 edt 
740 0 2 |a Theory and methods 
740 0 2 |a Risk, disorder, and adaptation 
830 0 |a Wiley series on personality processes 
852 |a INST  |b RHODES  |e 19981007  |h 616.89071 DEV  |p 005400006746  |q 005400006746  |t BK  |y 0  |z v.1 
852 |a INST  |b RHODES  |e 19981007  |h 616.89071 DEV  |p 005400006747  |q 005400006747  |t BK  |y 0  |z v.2 
852 |a INST  |b RHODES  |e 19980218  |h 616.89071 DEV  |p 005400011193  |q 005400011193  |t BK  |y 0  |z v.1 
852 |a INST  |b RHODES  |e 19980218  |h 616.89071 DEV  |p 005400011194  |q 005400011194  |t BK  |y 0  |z v.2 
852 |a INST  |b RHODES  |e 19970606  |h 616.89071 DEV  |p 005400011384  |q 005400011384  |t BK  |y 0  |z v.1 
852 |a INST  |b RHODES  |e 19970606  |h 616.89071 DEV  |p 005400011385  |q 005400011385  |t BK  |y 0  |z v.2 
852 |a INST  |b RHODES  |e 19981007  |h 616.89071 DEV  |p 005400006746  |q 005400006746  |t BK  |v v.1:  |y 0  |z v.1 
852 |a INST  |b RHODES  |e 19981007  |h 616.89071 DEV  |p 005400006747  |q 005400006747  |t BK  |v v.2:  |y 0  |z v.2 
852 |a INST  |b RHODES  |e 19980218  |h 616.89071 DEV  |p 005400011193  |q 005400011193  |t BK  |v v.1:  |y 0  |z v.1 
852 |a INST  |b RHODES  |e 19980218  |h 616.89071 DEV  |p 005400011194  |q 005400011194  |t BK  |v v.2:  |y 0  |z v.2 
852 |a INST  |b RHODES  |e 19970606  |h 616.89071 DEV  |p 005400011384  |q 005400011384  |t BK  |v v.1:  |y 0  |z v.1 
852 |a INST  |b RHODES  |e 19970606  |h 616.89071 DEV  |p 005400011385  |q 005400011385  |t BK  |v v.2:  |y 0  |z v.2 
853 |a INST  |b RHODES  |h 616.89071 DEV 
909 |a Ρ  |b 046523  |c 1995 
909 |a Ρ  |b 046524  |c 1995 
909 |a Ρ  |b 052481  |c 1997 
909 |a Ρ  |b 052482  |c 1997 
909 |a Ρ  |b 049280  |c 1996 
909 |a Ρ  |b 049281  |c 1996